000 00806nam a22001935i 4500
001 178729
003 ES-MaACL
005 20230906220607.0
008 110613s1974 sp |||| | spa d
080 _a616.366
100 1 _aLópez Gallart, José María.
_9147174
245 1 0 _aColecistitis crónica alitiásica /
_cresumen de la tesis presentada para aspirar al grado de doctor en medicina por José Mª López Gallart.
260 _aBarcelona :
_bUniversidad de Barcelona, Secretariado de Publicaciones, Intercambio Científico y Extensión Universitaria :
_b[Ivern],
_c1974.
300 _a19 p. ;
_c24 cm.
500 _aCub. tomada como port.
650 4 _aVesícula biliar-
_xEnfermedades.
_9147116
710 2 _aUniversidad de Barcelona.
_97141
852 _aES-MaACL
_jE-15361 (132)
_xOlim P-1374
999 _c178729
_d178729